5 Most Guessed Countries In... #1 - Statistics

General Stats
  • This quiz has been taken 419 times
  • The average score is 23 of 25
Answer Stats
Hint % Guessed Answer % Correct
Countries of the World 97% United States
100%
Biggest Countries by Population 99% United States
100%
Countries with Most Tourists 100% United States
100%
English-Speaking Countries 100% United States
100%
Countries of the World 95% China
99%
Biggest Countries by Population 100% China
99%
Countries with Most Tourists 98% China
99%
Countries of the World 96% Canada
98%
English-Speaking Countries 95% Canada
98%
Biggest Countries by Population 98% India
98%
Countries with Most Tourists 98% United Kingdom
98%
English-Speaking Countries 99% United Kingdom
98%
English-Speaking Countries 94% Australia
97%
Countries with Most Tourists 99% France
97%
Countries of the World 96% Russia
96%
Biggest Countries by Population 96% Russia
96%
English-Speaking Countries 90% Ireland/New Zealand
95%
Island Countries Quiz 90% Japan
93%
Countries of the World 95% Mexico
87%
Biggest Countries by Population 95% Brazil
86%
Island Countries Quiz 89% Indonesia
85%
Countries with Most Tourists 98% Italy
84%
Island Countries Quiz 93% New Zealand
83%
Island Countries Quiz 90% Madagascar
80%
Island Countries Quiz 89% Cuba
76%
No matching quizzes found
Score Distribution
Percent of People with Each Score
Percentile by Number Answered
Your Score History
You have not taken this quiz